LEADER 01657nam a2200313 4500
001 000000349332
003 CaOOAMICUS
005 20220216155528.0
008 220202s2021 it a 000 u ita r
040 $aSeMil$bita
245 03$aIl colore e la pietra :$bla sacrestia aquilonare /$cintroduzione Gianantonio Borgonovo, Antonella Ranaldi ; contributi a cura di Francesco Canali ... [et al.].
264 1$a[Milano] :$bVeneranda Fabbrica del Duomo di Milano,$cstampa 2021.
300 $a103 p. :$bill. ;$c27 cm
490 1 $aI restauri del Duomo di Milano ;$v2
500 $aTitolo da copertina. - Il presente volume è stato realizzato in occasione della conclusione dei restauri della Sacrestia Aquilonare del Duomo di Milano
541 0 $aOmaggio mons. Mario Delpini (3O V 85)
650 4$aMilano - Duomo - Sacrestia Aquilonare.$0(OLS)http://semarc/subject/51618
650 4$aMilano - Duomo - Restauri.$0(OLS)http://semarc/subject/3806
700 1 $aCanali, Francesco.$0(OLS)http://semarc/name/111210
700 1 $aBorgonovo, Gianantonio,$d<1955- >.$0(OLS)http://semarc/name/2594
700 1 $aRanaldi, Antonella.$0(OLS)http://semarc/name/111062
830 2$aI restauri del Duomo di Milano ;$v2.$0(OLS)http://semarc/title/438898
850 $aSeMil
852 $aSeMil$W1$xVenegono$y1$m3O V 85$j231724$B240401$CSeMilBibl$Z2$F240401 $81
941 1 $a7
961 $aOmaggio mons. Mario Delpini
996 $6245$aIl colore e la pietra :$bla sacrestia aquilonare$9(OLS)http://semarc/title/438894
996 $6264$a[Milano] :$bVeneranda Fabbrica del Duomo di Milano$9(OLS)http://semarc/publisher/36099
LEADER 02215nas a2200277 i 4500
001 000000002492
003 CaOOAMICUS
005 20210823163009.0
008 180830c19009999sp tr p u0 0spa r
040 $aSeMil$bita
240 10$aBoletín Bibliográfico Teresiano.$0(OLS)http://semarc/title/4210
245 03$aEl Monte Carmelo :$brevista de Estudios Carmelitanos /$cdirigida por Padres Carmelitanos Descalzos.
246 03$aMonte Carmelo : Revista de Ciencia e Historia de la Espiritualidad preferentemente Carmelitana : [poi] Revista cuatrimestral de Ciencia e Historia de Espiritualidad general y Carmelitana : [poi] Revista de Espiritualidad e Información Carmelitana : [poi] Revista de Estudios e Información Carmelitanos
260 $aBurgos :$bMonte Carmelo,$c1900-
300 $a25 cm.
310 $aQuadrimestrale
362 0 $a1900-
510 4 $aCod. rivista ACNP:$cPT 2099405
710 2 $aCarmelitani Scalzi$d<1562>.$0(OLS)http://semarc/name/2048
850 $aSeMil
852 $aSeMil$W1$xVenegono$y1$pCliccare per visualizzare collocazione, posseduto cumulativo e fascicoli ricevuti dell?annata corrente
Cliccare per visualizzare eventuali spogli (alla eventuale voce ?Indici? in fondo di pagina)$B227241$CSeMilBibl$Z2$F227241 $85
961 $aCambio. Scuola Cattolica
996 $6245$aEl Monte Carmelo :$brevista de Estudios Carmelitanos$9(OLS)http://semarc/title/4209
996 $6246$aMonte Carmelo : Revista de Ciencia e Historia de la Espiritualidad preferentemente Carmelitana : [poi] Revista cuatrimestral de Ciencia e Historia de Espiritualidad general y Carmelitana : [poi] Revista de Espiritualidad e Información Carmelitana : [poi] Revista de Estudios e Información Carmelitanos$9(OLS)http://semarc/title/400251
996 $6260$aBurgos :$bMonte Carmelo$9(OLS)http://semarc/publisher/30761